| 000 | 00474nam a2200169Ia 4500 | ||
|---|---|---|---|
| 003 | GCL | ||
| 008 | 140319s9999 xx 000 0 ara d | ||
| 040 |
_aGCL / _cGCL |
||
| 082 | 0 | 4 |
_aد _b050 |
| 100 | 1 | _aاسامة امين العطار | |
| 245 | 1 | 0 |
_aالغذاء الكامل اساس الصحة (اقرا 286 ) / _cاسامة امين العطار |
| 300 | _a128 | ||
| 490 |
_aاقرأ _v0 |
||
| 650 | 0 | 4 | _aالتغذية |
| 650 | 0 | 4 | _aالاغذية |
| 942 |
_2ddc _cBK |
||
| 999 |
_c48793 _d48793 |
||